Every City in Alabama on a Map - Statistics

General Stats
  • This quiz has been taken 8,349 times
    5,587 since last reset
  • The average score is 41 of 462
Answers on the Map
Answers color-coded by a green-red scale on the quiz's map according to % correct below.
 
Answer Stats
City Population % Correct
Birmingham 196,644
91%
Mobile 182,595
87%
Montgomery 195,287
87%
Huntsville 225,564
74%
Tuscaloosa 111,338
65%
Auburn 82,025
52%
Jackson 4,525
46%
Dothan 71,258
37%
Madison 60,854
37%
Selma 16,666
36%
Hoover 92,448
35%
Decatur 58,321
32%
Florence 42,437
32%
Athens 30,904
28%
Gulf Shores 16,850
28%
Gadsden 33,229
26%
Lincoln 7,514
26%
Jacksonville 14,682
25%
Muscle Shoals 17,210
24%
Talladega 14,768
23%
Troy 17,836
23%
Bessemer 25,037
22%
Daphne 30,321
22%
Opelika 33,572
22%
Phenix City 38,441
22%
Enterprise 30,271
21%
Greenville 7,030
21%
Orange Beach 8,534
21%
Anniston 21,167
20%
Oxford 22,078
20%
Alabaster 34,107
19%
Cullman 19,913
19%
Vestavia Hills 38,020
19%
Columbia 700
18%
Fairhope 24,974
18%
Prattville 39,318
18%
Fayette 4,128
17%
Foley 24,873
17%
Hamilton 6,952
17%
Leeds 12,416
17%
Tuskegee 8,765
17%
Jasper 14,448
16%
York 2,307
16%
Homewood 27,758
15%
Northport 31,111
15%
Scottsboro 15,863
15%
Trussville 26,770
15%
Alexander City 14,470
14%
Dauphin Island 1,895
14%
Fort Payne 14,957
14%
Greensboro 2,163
14%
Guntersville 9,028
14%
La Fayette 2,625
14%
Mountain Brook 21,737
14%
Pelham 25,121
14%
Saraland 16,435
14%
Spanish Fort 10,923
14%
Albertville 23,031
13%
Andalusia 8,840
13%
Arab 8,830
13%
Bay Minette 8,371
13%
Calera 18,189
13%
Clay 10,221
13%
Demopolis 6,833
13%
Franklin 567
13%
Fulton 216
13%
Monroeville 5,734
13%
Pell City 13,924
13%
Chelsea 16,771
12%
Clanton 9,123
12%
Eufaula 12,451
12%
Fairfield 9,582
12%
Gardendale 16,096
12%
Grant 1,057
12%
Helena 22,117
12%
Irondale 13,526
12%
Ozark 14,346
12%
Russellville 10,722
12%
Sheffield 9,307
12%
Sylacauga 12,216
12%
Union 167
12%
Wetumpka 7,218
12%
Atmore 8,315
11%
Boaz 10,369
11%
Evergreen 3,359
11%
Fultondale 9,617
11%
Hartselle 15,875
11%
Hueytown 16,202
11%
Opp 6,757
11%
Rainbow City 10,322
11%
Taylor 2,309
11%
Tuscumbia 9,169
11%
Valley 10,308
11%
Adamsville 4,172
10%
Bayou La Batre 2,155
10%
Black 233
10%
Brewton 5,167
10%
Camden 1,710
10%
Centre 3,782
10%
Cherokee 966
10%
Chickasaw 6,283
10%
Cleveland 1,252
10%
Lexington 735
10%
Livingston 3,152
10%
Louisville 390
10%
Marion 2,734
10%
Moody 13,595
10%
Oneonta 6,995
10%
Prichard 18,816
10%
Thomasville 3,583
10%
Aliceville 2,055
9%
Anderson 255
9%
Berlin 524
9%
Butler 1,767
9%
Dadeville 2,960
9%
Geneva 4,217
9%
Gordo 1,578
9%
Hartford 2,726
9%
Leesburg 985
9%
Montevallo 7,708
9%
Morris 2,249
9%
Pinson 7,753
9%
Riverside 2,266
9%
Roanoke 5,387
9%
Robertsdale 7,421
9%
Satsuma 6,849
9%
Warrior 3,187
9%
Abbeville 2,377
8%
Ardmore 1,421
8%
Ashville 2,402
8%
Attalla 5,818
8%
Bridgeport 2,262
8%
Brighton 2,237
8%
Center Point 15,705
8%
Centreville 2,701
8%
Childersburg 4,637
8%
Citronelle 3,910
8%
Clayton 2,212
8%
Dayton 27
8%
Dora 2,255
8%
Elba 3,522
8%
Eutaw 2,761
8%
Eva 589
8%
Florala 1,934
8%
Haleyville 4,301
8%
Linden 1,848
8%
Loxley 4,623
8%
Luverne 2,688
8%
Madrid 262
8%
Memphis 25
8%
Millbrook 17,367
8%
Moulton 3,426
8%
Moundville 3,516
8%
Newton 1,645
8%
Pike Road 11,117
8%
Pleasant Grove 9,390
8%
Rainsville 5,768
8%
Red Bay 3,184
8%
Smiths Station 5,477
8%
Springville 5,233
8%
Tallassee 4,753
8%
Tarrant 5,833
8%
Union Springs 3,154
8%
Argo 4,386
7%
Ashford 2,329
7%
Ashland 1,942
7%
Blountsville 1,818
7%
Brent 2,659
7%
Brookwood 2,440
7%
Carrollton 978
7%
Columbiana 4,812
7%
Creola 1,967
7%
Cuba 284
7%
Daleville 4,926
7%
Detroit 225
7%
Double Springs 1,114
7%
Douglas 782
7%
East Brewton 2,252
7%
Elberta 2,109
7%
Flomaton 1,452
7%
Fyffe 982
7%
Gainesville 164
7%
Grove Hill 1,742
7%
Guin 2,147
7%
Hanceville 3,324
7%
Headland 5,333
7%
Heflin 3,507
7%
Hollywood 928
7%
Jemison 2,941
7%
Kennedy 427
7%
Killen 1,035
7%
Kimberly 4,463
7%
Lake View 3,794
7%
Lakeview 163
7%
Lanett 6,751
7%
Mentone 325
7%
Midfield 4,960
7%
Mount Vernon 1,376
7%
New Hope 2,927
7%
Phil Campbell 979
7%
Piedmont 4,705
7%
Priceville 3,800
7%
Samson 1,860
7%
Semmes 5,846
7%
Southside 9,597
7%
Stevenson 1,973
7%
Summerdale 1,576
7%
Uniontown 1,963
7%
Vernon 1,849
7%
Waterloo 183
7%
Winfield 4,869
7%
Akron 224
6%
Altoona 950
6%
Autaugaville 804
6%
Avon 473
6%
Banks 155
6%
Benton 38
6%
Berry 1,190
6%
Brundidge 2,028
6%
Carbon Hill 1,731
6%
Cardiff 52
6%
Chatom 1,068
6%
Clio 1,200
6%
Coaling 1,986
6%
Coker 880
6%
Cordova 1,672
6%
Cottonwood 1,086
6%
Crossville 1,838
6%
Eclectic 1,209
6%
Elkmont 436
6%
Elmore 1,394
6%
Fairview 537
6%
Falkville 1,195
6%
Fort Deposit 1,153
6%
Georgiana 1,273
6%
Glencoe 5,404
6%
Good Hope 2,615
6%
Graysville 1,860
6%
Gurley 850
6%
Hackleburg 1,438
6%
Harpersville 1,817
6%
Hayden 1,355
6%
Henagar 2,305
6%
Hillsboro 406
6%
Kansas 176
6%
Lineville 2,484
6%
Lipscomb 2,006
6%
Magnolia Springs 844
6%
McIntosh 197
6%
Notasulga 875
6%
Odenville 5,352
6%
Perdido Beach 578
6%
Pine Apple 130
6%
Pisgah 689
6%
Reform 1,461
6%
Rockford 349
6%
Rogersville 1,385
6%
Silverhill 1,923
6%
Somerville 817
6%
Sulligent 1,832
6%
Sumiton 2,528
6%
Thorsby 2,148
6%
Town Creek 1,063
6%
Trinity 2,567
6%
Vance 2,263
6%
Vincent 2,024
6%
Wedowee 747
6%
West Blocton 1,189
6%
West Point 640
6%
Wilsonville 1,926
6%
Addison 667
5%
Ariton 662
5%
Arley 329
5%
Bear Creek 1,056
5%
Boligee 281
5%
Brantley 803
5%
Brilliant 830
5%
Brookside 1,200
5%
Carolina 289
5%
Castleberry 468
5%
Cedar Bluff 1,899
5%
Coffeeville 250
5%
Collinsville 2,064
5%
Coosada 1,265
5%
Courtland 588
5%
Cowarts 2,000
5%
Deatsville 1,723
5%
Dodge City 564
5%
Dozier 285
5%
Epes 262
5%
Excel 531
5%
Frisco City 1,124
5%
Gantt 202
5%
Garden City 541
5%
Gilbertown 714
5%
Goodwater 1,257
5%
Gordon 297
5%
Goshen 266
5%
Gu-Win 143
5%
Hayneville 777
5%
Heath 241
5%
Hokes Bluff 4,648
5%
Holly Pond 860
5%
Ider 735
5%
Indian Springs Village 2,492
5%
Jacksons' Gap 751
5%
Kinsey 2,263
5%
Kinston 595
5%
Leighton 653
5%
Lester 119
5%
Littleville 1,045
5%
Locust Fork 1,233
5%
Lowndesboro 78
5%
Lynn 618
5%
Malvern 1,567
5%
Maplesville 651
5%
Margaret 6,236
5%
McKenzie 494
5%
Midland City 2,296
5%
Midway 404
5%
Millport 973
5%
Millry 438
5%
Mooresville 48
5%
Mulga 766
5%
Munford 1,343
5%
New Brockton 1,498
5%
Oak Grove 592
5%
Oakman 751
5%
Ohatchee 1,197
5%
Owens Cross Roads 2,917
5%
Parrish 970
5%
Pennington 325
5%
Pickensville 544
5%
Pine Hill 712
5%
Pollard 125
5%
Providence 162
5%
Ragland 1,705
5%
Red Level 434
5%
Rehobeth 2,013
5%
Repton 229
5%
River Falls 491
5%
Riverview 164
5%
Sanford 264
5%
Section 773
5%
Shorter 371
5%
Silas 365
5%
Sipsey 352
5%
Skyline 851
5%
Slocomb 2,133
5%
Snead 1,042
5%
Steele 1,000
5%
Sweet Water 219
5%
Sylvan Springs 1,604
5%
Thomaston 318
5%
Triana 4,456
5%
Valley Grande 3,982
5%
Vina 322
5%
Wadley 844
5%
Weaver 3,330
5%
Webb 1,312
5%
Westover 1,911
5%
Woodland 227
5%
Woodstock 1,579
5%
Woodville 751
5%
Allgood 556
4%
Babbie 640
4%
Baileyton 683
4%
Bakerhill 209
4%
Beatrice 200
4%
Beaverton 185
4%
Belk 187
4%
Billingsley 124
4%
Blue Springs 79
4%
Bon Air 167
4%
Camp Hill 965
4%
Clayhatchee 481
4%
Coffee Springs 210
4%
Colony 275
4%
County Line 318
4%
Cusseta 149
4%
Daviston 176
4%
Dutton 339
4%
Edwardsville 212
4%
Eldridge 137
4%
Ethelsville 50
4%
Faunsdale 84
4%
Five Points 117
4%
Forkland 424
4%
Fruithurst 248
4%
Gaylesville 174
4%
Geiger 154
4%
Geraldine 913
4%
Glen Allen 422
4%
Glenwood 151
4%
Goldville 56
4%
Gordonville 232
4%
Grimes 585
4%
Haleburg 116
4%
Hammondville 423
4%
Highland Lake 424
4%
Hobson City 744
4%
Hodges 262
4%
Horn Hill 208
4%
Hurtsboro 340
4%
Hytop 448
4%
Kellyton 124
4%
Langston 270
4%
Level Plains 1,831
4%
Libertyville 108
4%
Lisman 415
4%
Loachapoka 162
4%
Lockhart 446
4%
Maytown 312
4%
McMullen 29
4%
Mosses 789
4%
Napier Field 415
4%
Natural Bridge 35
4%
Nauvoo 185
4%
Nectar 386
4%
Needham 71
4%
Newbern 132
4%
New Site 768
4%
Newville 558
4%
North Courtland 490
4%
North Johns 126
4%
Oak Hill 13
4%
Onycha 175
4%
Orrville 143
4%
Paint Rock 179
4%
Pinckard 592
4%
Pine Ridge 267
4%
Pleasant Groves 431
4%
Powell 924
4%
Ranburne 431
4%
Reece City 607
4%
Rosa 380
4%
Rutledge 349
4%
Sand Rock 600
4%
Sardis City 1,787
4%
Shiloh 328
4%
South Vinemont 609
4%
St. Florian 704
4%
Susan Moore 799
4%
Sylvania 1,809
4%
Talladega Springs 143
4%
Toxey 137
4%
Trafford 592
4%
Twin 359
4%
Union Grove 71
4%
Valley Head 590
4%
Vredenburgh 218
4%
Waldo 256
4%
Walnut Grove 778
4%
Waverly 150
4%
West Jefferson 466
4%
White Hall 756
4%
Wilton 593
4%
Yellow Bluff 216
4%
Emelle 24
3%
Myrtlewood 69
3%
Petrey 64
3%
Ridgeville 83
3%
No matching quizzes found
Score Distribution
Percent of People with Each Score
Percentile by Number Answered
Your Score History
You have not taken this quiz since the last reset